00728nam a2200229 a 4500001001300000003000900013005001700022008004100039020002300080082001800103100002000121245006100141260004300202300000900245500003500254650002300289700002000312902000800332942000700340952013400347999001700481nice12345678IN_TiNIC20260116014026.0071218s2006 lona grp 000 0 eng  a0415365384 c39500a297.1227bSAE aSaeed, Abdullah aInterpreting the Quranb Towards a Contemporary Approach aLondon bRoutledge Chapman Hall c2006 a192p aincludes index and biblioraphy aQuran-Hermeneutics1 aSaeed, Abdullah bSRS cBK 001040708StackRoom-aHMIbHMId2008-04-01g395.00l5m1o297.1227 SAEp022158r2023-11-20s2023-11-16v395.00w2007-12-18yBK c13556d13556